000 00594nam a2200193Ia 4500
003 LDD
008 181029s9999 xx 000 0 und d
020 _a195681223
_c575.00
040 _cLDD
100 _aChhatre, Ashwani
245 0 _aDemocratizing nature
_bpolitics, conservation & development in India
_cAshwani Chhatre
260 _aNew Delhi
_bOxford university press
_c2006
300 _ax, 267p.
365 _b575.00
901 _a4381
_b29-02-2008
902 _aUBS8038
_b14-03-2008
_cF
_dUPPAL
_e31
903 _aDiscount-15
_bReqst by : Debal K.Singharoy
942 _2ddc
_cBK
999 _c81250
_d81250